[Event "ROM-ch U10"]
[Site "Calimanesti Caciulata"]
[Date "2016.04.19"]
[Round "2"]
[White "Chiric, David"]
[Black "Nedelcu, Teodor Cosmin"]
[Result "0-1"]
[WhiteElo "1341"]
[BlackElo "1545"]
[PlyCount "80"]
[EventDate "2016.04.18"]
[EventType "swiss"]
[EventRounds "9"]
[EventCountry "ROU"]
[SourceTitle "CBM 172 Extra"]
[Source "ChessBase"]
[SourceDate "2016.06.21"]
[SourceVersion "1"]
[SourceVersionDate "2016.06.21"]
[SourceQuality "1"]

1. c4 e5 2. Nc3 Nc6 3. g3 Be7 4. Bg2 Bf6 5. e3 Nge7 6. Nge2 d6 7. d3 Be6 8. Bd2 a6 9. Qc2 Qd7 10. e4 Ng6 11. f4 exf4 12. Nxf4 Nxf4 13. Bxf4 Nd4 14. Qd2 Bh3 15. 0-0-0 Bxg2 16. Qxg2 0-0-0 17. Nd5 Be5 18. Qf2 f6 19. Rhf1 Kb8 20. Bxe5 dxe5 21. b3 c6 22. Nb6 Qc7 23. Na4 b5 24. Nc5 Qa7 25. b4 a5 26. cxb5 cxb5 27. Qd2 axb4 28. Qxb4 Rc8 29. Kb2 Qxc5 30. Qxc5 Rxc5 31. Rc1 Rhc8 32. Rxc5 Rxc5 33. Rc1 Rxc1 34. Kxc1 Kc7 35. Kb2 Kc6 36. Kc3 Kc5 37. h4 b4+ 38. Kb2 h5 39. a3 bxa3+ 40. Kxa3 Ne2 0-1